Zanzibar : (Record no. 12339)

MARC details
000 -LEADER
fixed length control field 00575cam a22001932 4500
001 - CONTROL NUMBER
control field 0000000474
005 - DATE AND TIME OF LATEST TRANSACTION
control field 20151217155801.0
008 - FIXED-LENGTH DATA ELEMENTS--GENERAL INFORMATION
fixed length control field 070205s xx 000 0 eng d
040 ## - CATALOGING SOURCE
Original cataloging agency KABU
Transcribing agency KABU
050 #0 - LIBRARY OF CONGRESS CALL NUMBER
Classification number DT449
Item number .Z27P43
100 1# - MAIN ENTRY--PERSONAL NAME
Personal name Pearce, F. B.
-- 0000148681
245 10 - TITLE STATEMENT
Title Zanzibar :
Remainder of title the island metropolis of Eastern Africa /
Statement of responsibility, etc. F. B. Pearce.
260 ## - PUBLICATION, DISTRIBUTION, ETC. (IMPRINT)
Place of publication, distribution, etc. London :
Name of publisher, distributor, etc. T. Fisher Unwin,
Date of publication, distribution, etc. 1920.
300 ## - PHYSICAL DESCRIPTION
Extent xii, 431 p.
651 #0 - SUBJECT ADDED ENTRY--GEOGRAPHIC NAME
Geographic name Zanzibar
General subdivision History.
-- 0000148679
908 ## - PUT COMMAND PARAMETER (RLIN)
Put command parameter 070205
950 ## - LOCAL HOLDINGS (RLIN)
-- 1
Holdings
Withdrawn status Lost status Source of classification or shelving scheme Not for loan Home library Current library Date acquired Total Checkouts Full call number Barcode Date last seen Price effective from Koha item type
    Library of Congress Classification   Kabarak, Main Campus Kabarak, Main Campus 17/12/2015   DT449 .Z27P43 001822 17/12/2015 17/12/2015 Africana Collection
Designed with assistance from East African Informatics Ltd